Enfisema pulmonar y bronquitis / (Record no. 100335)

MARC details
000 -LEADER
campo de control de longitud fija 00656nam a2200205 i 4500
001 - NÚMERO DE CONTROL
campo de control 100335
003 - IDENTIFICADOR DE NÚMERO DE CONTROL
campo de control ES-MaACL
005 - FECHA Y HORA DE LA ÚLTIMA TRANSACCIÓN
campo de control 20230906182643.0
007 - CAMPO FIJO DE DESCRIPCIÓN FÍSICA--INFORMACIÓN GENERAL
campo de control de longitud fija t|
008 - DATOS DE LONGITUD FIJA--INFORMACIÓN GENERAL
campo de control de longitud fija 050926s1967 sp a |||| | spa d
080 ## - NÚMERO DE LA CLASIFICACIÓN DECIMAL UNIVERSAL
Número de la Clasificación Decimal Universal 616.24
100 1# - ENTRADA PRINCIPAL--NOMBRE DE PERSONA
Nombre de persona Marx, H. H.
9 (RLIN) 78583
245 10 - MENCIÓN DEL TÍTULO
Título Enfisema pulmonar y bronquitis /
Mención de responsabilidad, etc. por H.H. Marx ; con un prólogo de H.E. Bock ; traducción Juan Díaz Vázquez.
260 ## - PUBLICACIÓN, DISTRIBUCIÓN, ETC.
Lugar de publicación, distribución, etc. Barcelona :
Nombre del editor, distribuidor, etc. Científico-Médica,
Fecha de publicación, distribución, etc. 1967.
300 ## - DESCRIPCIÓN FÍSICA
Extensión XII, 270 p. :
Otras características físicas il. ;
Dimensiones 25 cm.
650 #4 - PUNTO DE ACCESO ADICIONAL DE MATERIA--TÉRMINO DE MATERIA
Término de materia o nombre geográfico como elemento de entrada Pulmones-
Subdivisión general Enfermedades.
9 (RLIN) 136791
700 1# - ENTRADA AGREGADA--NOMBRE PERSONAL
Nombre de persona Bock, Hans Erhard.
9 (RLIN) 29676
700 1# - ENTRADA AGREGADA--NOMBRE PERSONAL
Nombre de persona Díaz Vázquez, J.
9 (RLIN) 44450
852 ## - LOCALIZACIÓN
Ubicación ES-MaACL
Número de control de estantería C-32248
Holdings
Estatus retirado Estado de pérdida Estado de daño No para préstamo Biblioteca de origen Biblioteca actual Ubicación en estantería Fecha de adquisición Fuente de adquisición Total de préstamos Signatura topográfica completa Código de barras Visto por última vez Precio de reemplazo Tipo de ítem Koha
        Biblioteca del Ateneo de Madrid Biblioteca del Ateneo de Madrid Depósito 2 17/01/2008     C-32248 1104764 23/02/2023 23/02/2023 Libro impreso